|
|
|
|
| LEADER |
00000nas a22000001a 4500 |
| 001 |
vtls010301304 |
| 003 |
SK-MaSNL |
| 005 |
20260228161927.0 |
| 008 |
110810d19521952xo x p r 0 b0slo |
| 015 |
|
|
|a SNBDS17XX9999
|
| 015 |
|
|
|a 0385
|2 Balúnová 1945-60
|
| 038 |
|
|
|a SNKBUDS
|
| 040 |
|
|
|a SNK
|b slo
|c SNK
|e AACR2
|
| 041 |
0 |
|
|a slo
|
| 044 |
|
|
|a xo
|c SK
|
| 080 |
|
|
|a 621
|2 2001
|
| 245 |
0 |
0 |
|a Hlas SPD
|
| 246 |
3 |
|
|i Rozšírený názov
|a Hlas strediska podnikových dielní
|
| 260 |
|
|
|a Liptovský Hrádok
|b ZS ČSM Tesla v Liptovskom Hrádku
|c 1952
|
| 300 |
|
|
|a 1 čís.
|c 21 x 30 cm
|
| 310 |
|
|
|a Periodicita sa nedá určiť
|
| 362 |
1 |
|
|a Vyšlo iba jedno číslo
|z Citované z: Bibliografia novín a časopisov vych. na Slov. 1945-60 / M. Balúnová
|
| 500 |
|
|
|a Vych. v Liptovskom Hrádku [nepravidelne]
|
| 500 |
|
|
|a Zodp. red. G. Glevitzký s red. krúžkom
|
| 500 |
|
|
|a Vyd. ZS ČSM Tesla v Liptovskom Hrádku
|
| 500 |
|
|
|a Tlač. rozmnož. ormigom
|
| 500 |
|
|
|a Hlas strediska podnikových dielní mal vych. ako stála príl. záv. čas. Tatranský priekopník; vyšlo iba jedno č. pri 1/III (1. mája 1952) uvedeného závodného časopisu
|
| 505 |
8 |
0 |
|g Roč. 1952 1 č. 8 s.
|
| 610 |
2 |
7 |
|a Tesla, n.p. (Martin, Slovensko)
|b závod Liptovský Hrádok
|x časopisy
|2 SNKBUDS
|9 269979
|
| 650 |
0 |
7 |
|a elektrotechnický priemysel
|2 SNKPH
|9 75359
|
| 655 |
|
7 |
|a podnikové časopisy
|2 SNKBUDS
|9 265225
|
| 700 |
1 |
|
|a Glevitzký, G.
|4 pbd
|9 269980
|
| 710 |
2 |
|
|a Tesla, n.p. (Martin, Slovensko)
|b závod Liptovský Hrádok
|e vydav.
|9 269981
|
| 772 |
0 |
|
|t Tatranský priekopník
|
| 852 |
|
|
|a SNK
|b 10000
|h ČSB 1047
|
| 852 |
|
|
|a UKB
|b 300000
|h XX 1262
|
| 852 |
|
|
|a UKB
|b 300000
|h SB 1543
|
| 852 |
|
|
|a SVKKK
|b 900000
|h C 402
|
| 999 |
|
|
|c 6201
|d 8131
|